El brujo, el horrible y el libro rojo de los hechizos /
Guardado en:
| Autor Principal: | |
|---|---|
| Formato: | Libro |
| Publicado: |
Buenos Aires :
Sudamericana,
2014
|
| Edición: | 2a. ed. |
| Series: | Especiales
|
| Materias: | |
| Etiquetas: |
Agregar Etiqueta
Sin Etiquetas, Sea el primero en etiquetar este registro!
|
| LEADER | 00861nam a22002775a 4500 | ||
|---|---|---|---|
| 001 | CEM.cems015168 | ||
| 005 | 20191009154043.0 | ||
| 008 | 130507s2014##################000#0#####d | ||
| 003 | CEMS | ||
| 020 | |a 9789500742184 | ||
| 082 | 0 | 4 | |a A868.4 |
| 100 | 1 | |a Bernasconi, Pablo | |
| 245 | 1 | 0 | |a El brujo, el horrible y el libro rojo de los hechizos / |c Pablo Bernasconi |
| 250 | |a 2a. ed. | ||
| 260 | |a Buenos Aires : |b Sudamericana, |c 2014 | ||
| 300 | |a 32 p. | ||
| 490 | 0 | |a Especiales | |
| 653 | |a Literatura | ||
| 653 | |a Literatura argentina | ||
| 653 | |a Literatura infantil | ||
| 653 | |a Cuentos infantiles | ||
| 653 | |a Colección ciencias de la educación | ||
| 653 | |a Brujas | ||
| 653 | |a Hechizos | ||
| 859 | |a CEMS |b BIB. CEMS - Ccias. Educacion |h A868.4 |i B431 |k CE |p 283018.19 |t Ej.1 | ||
| 859 | |a CEMS |b BIB. CEMS - Ccias. Educacion |h A868.4 |i B431 |k CE |p 28343.19 |t Ej.2 | ||
